Sports Quiz

Random Sports or Hockey Quiz
Score 0/155 Timer 12:00
1 Play Today
Team Players % Correct
Calgary FlamesMatthew Tkachuk
86.2%
Ottawa SenatorsBrady Tkachuk
86.2%
New York IslandersAnders Lee
82.7%
Dallas StarsBrett Hull
80.6%
Detroit Red WingsBrett Hull
80.6%
St. Louis BluesBrett Hull
80.6%
Pittsburgh PenguinsPhil Kessel
79.4%
Dallas StarsMike Modano
79.3%
Chicago BlackhawksPatrick Kane
78.4%
Vegas Golden KnightsMax Pacioretty
77.7%
Buffalo SabresJack Eichel
76.7%
Arizona CoyotesJeremy Roenick
74.8%
Chicago BlackhawksJeremy Roenick
74.8%
Philadelphia FlyersJeremy Roenick
74.8%
Minnesota WildZach Parise
70.4%
New Jersey DevilsZach Parise
70.4%
Buffalo SabresPat LaFontaine
69.9%
New York IslandersPat LaFontaine
69.9%
Vegas Golden KnightsPaul Stastny
68%
Arizona CoyotesKeith Tkachuk
68%
St. Louis BluesKeith Tkachuk
68%
New York RangersBrian Leetch
66.3%
Tampa Bay LightningTyler Johnson
65.7%
Carolina HurricanesMark Johnson
65.7%
Vancouver CanucksRyan Kesler
64.3%
Anaheim DucksRyan Kesler
63.9%
Toronto Maple LeafsPhil Kessel
63.3%
Vancouver CanucksJ.T. Miller
62%
Pittsburgh PenguinsKevin Stevens
60.6%
Toronto Maple LeafsAuston Matthews
60.2%
Nashville PredatorsRyan Suter
60%
Calgary FlamesGary Suter
60%
Anaheim DucksBobby Ryan
59.2%
Ottawa SenatorsBobby Ryan
59.2%
San Jose SharksJoe Pavelski
59.2%
Pittsburgh PenguinsJake Guentzel
59%
Philadelphia FlyersJohn LeClair
57.4%
Columbus Blue JacketsSeth Jones
57.2%
Chicago BlackhawksTony Amonte
56.9%
New York RangersTony Amonte
56.9%
Edmonton OilersDoug Weight
56.9%
Detroit Red WingsDylan Larkin
56.6%
Calgary FlamesJoe Mullen
55%
Montreal CanadiensMax Pacioretty
55%
Pittsburgh PenguinsJoe Mullen
55%
St. Louis BluesJoe Mullen
55%
Arizona CoyotesBrian Mullen
54.9%
New York RangersBrian Mullen
54.9%
San Jose SharksBrian Mullen
54.9%
Vancouver CanucksBrock Boeser
54.7%
Nashville PredatorsCraig Smith
54.3%
Winnipeg JetsBlake Wheeler
53.9%
Team Players % Correct
Washington CapitalsJohn Carlson
53.8%
Chicago BlackhawksAlex DeBrincat
52.4%
Montreal CanadiensChris Chelios
51%
Montreal CanadiensScott Gomez
50.9%
New Jersey DevilsScott Gomez
50.9%
New York RangersScott Gomez
50.9%
Vancouver CanucksQuinn Hughes
50%
New Jersey DevilsBrian Gionta
49%
Arizona CoyotesPhil Housley
47.8%
Buffalo SabresPhil Housley
47.8%
Boston BruinsBill Guerin
46.9%
Dallas StarsBill Guerin
46.9%
Edmonton OilersBill Guerin
46.9%
Tampa Bay LightningJ.T. Miller
46.6%
Buffalo SabresChris Drury
45.5%
Colorado AvalancheChris Drury
45.5%
Dallas StarsNeal Broten
45.5%
New Jersey DevilsAaron Broten
45.5%
Winnipeg JetsKyle Connor
44.7%
Colorado AvalanchePaul Stastny
44.6%
Columbus Blue JacketsNick Foligno
44%
Ottawa SenatorsNick Foligno
44%
Vegas Golden KnightsRyan Carpenter
42.6%
Calgary FlamesJohnny Gaudreau
42%
San Jose SharksRob Gaudreau
41.8%
Winnipeg JetsDustin Byfuglien
40.7%
New York IslandersJason Blake
40.5%
Toronto Maple LeafsJason Blake
40.5%
Detroit Red WingsJimmy Carson
39.5%
Edmonton OilersJimmy Carson
39.5%
Los Angeles KingsJimmy Carson
39.5%
Buffalo SabresJason Pominville
38.8%
Minnesota WildJason Pominville
38.8%
Minnesota WildJason Zucker
37.8%
New York IslandersKyle Okposo
37.3%
Tampa Bay LightningRyan McDonagh
36.9%
Boston BruinsCraig Janney
35.2%
San Jose SharksCraig Janney
35.2%
St. Louis BluesCraig Janney
35.2%
Vegas Golden KnightsAlex Tuch
34.7%
Boston BruinsBrian Rolston
34.2%
Minnesota WildBrian Rolston
34.2%
Nashville PredatorsDavid Legwand
33.4%
Winnipeg JetsJacob Trouba
32.8%
Tampa Bay LightningRyan Callahan
32.7%
Carolina HurricanesMark Howe
31.8%
Philadelphia FlyersMark Howe
31.8%
Carolina HurricanesScott Young
31.7%
Colorado AvalancheScott Young
31.7%
St. Louis BluesScott Young
31.7%
Washington CapitalsKevin Hatcher
31.5%
Nashville PredatorsColin Wilson
30.6%
Team Players % Correct
Florida PanthersKeith Yandle
30.4%
Columbus Blue JacketsCam Atkinson
29.6%
Colorado AvalancheAdam Deadmarsh
28.6%
Los Angeles KingsAdam Deadmarsh
28.6%
Washington CapitalsBob Carpenter
28%
Vegas Golden KnightsNate Schmidt
26.5%
Dallas StarsScott Bjugstad
26%
Florida PanthersNick Bjugstad
26%
Carolina HurricanesErik Cole
25.9%
Montreal CanadiensErik Cole
25.9%
Montreal CanadiensAlex Galchenyuk
25.3%
New Jersey DevilsJamie Langenbrunner
25.2%
Carolina HurricanesMatt Cullen
25.1%
Nashville PredatorsMatt Cullen
25.1%
San Jose SharksKevin Labanc
24.9%
Chicago BlackhawksEd Olczyk
24.6%
Toronto Maple LeafsEd Olczyk
24.6%
Minnesota WildCharlie Coyle
24.1%
Detroit Red WingsMathieu Schneider
23.4%
Los Angeles KingsTony Granato
23.1%
Calgary FlamesCraig Conroy
23.1%
Los Angeles KingsCraig Conroy
23.1%
Florida PanthersVincent Trocheck
22.7%
Ottawa SenatorsShawn McEachern
22.4%
Winnipeg JetsShawn McEachern
22.4%
Columbus Blue JacketsBrandon Saad
21.9%
Arizona CoyotesDave Christian
21.9%
Washington CapitalsDave Christian
21.9%
Columbus Blue JacketsR.J. Umberger
18.9%
Florida PanthersDavid Booth
18.4%
Washington CapitalsAl Iafrate
16.8%
Tampa Bay LightningRyan Malone
16.8%
Philadelphia FlyersMike Knuble
15.9%
Florida PanthersMark Parrish
14.7%
New York IslandersMark Parrish
14.7%
Ottawa SenatorsBryan Smolinski
14.6%
Boston BruinsPeter McNab
13.9%
Detroit Red WingsReed Larson
13.6%
Edmonton OilersMike York
12.1%
Edmonton OilersTodd Marchant
12%
New York RangersMark Pavelich
10.5%
Anaheim DucksNick Bonino
10.2%
Boston BruinsTom Fergus
8.3%
Toronto Maple LeafsTom Fergus
8.3%
Anaheim DucksMarty McInnis
7.7%
Colorado AvalancheRobbie Ftorek
6.4%
Philadelphia FlyersPaul Holmgren
5.7%
Anaheim DucksBob Corkum
5.6%
Pittsburgh PenguinsMoe Mantha
4.1%
Los Angeles KingsMike Donnelly
4%
Vancouver CanucksCurt Fraser
3.1%
Remove Ads.
Support Sporcle.
Get the best of Sporcle when you Go Orange. This ad-free experience offers more features, more stats, and more fun while also helping to support Sporcle. Thank you for becoming a member.

You're not logged in!

Compare scores with friends on all Sporcle quizzes.
OR
Log In

Sporcle TV

Today on Sporcle TV


Watch our educational content, quiz creation guides, and fun videos on Sporcle TV.

Show Comments

Extras

Top Quizzes Today


Score Distribution

Paid Content

Your Account Isn't Verified!

In order to create a playlist on Sporcle, you need to verify the email address you used during registration. Go to your Sporcle Settings to finish the process.

Report this User

Report this user for behavior that violates our Community Guidelines.

Details: